L' architettura di Leonbatista Alberti (Record no. 114114)

MARC details
000 -LEADER
fixed length control field 00812cam a22002055a 4500
001 - CONTROL NUMBER
control field L156229
008 - FIXED-LENGTH DATA ELEMENTS--GENERAL INFORMATION
fixed length control field 120509s1550 xxk f 000 0 eng d
035 ## - SYSTEM CONTROL NUMBER
System control number (Sirsi) u156229
041 0# - LANGUAGE CODE
Language code of text/sound track or separate title eng
100 1# - MAIN ENTRY--PERSONAL NAME
Personal name Alberti, Leon Battista
Dates associated with a name 1404-1472
245 00 - TITLE STATEMENT
Title L' architettura di Leonbatista Alberti
Remainder of title tradotta in lingua florentina da Cosimo Bartoli ; con la aggiunta de disegni
260 ## - PUBLICATION, DISTRIBUTION, ETC.
Place of publication, distribution, etc. [Firenze
Name of publisher, distributor, etc. Appresso L. Torrentino
Date of publication, distribution, etc. 1550]
300 ## - PHYSICAL DESCRIPTION
Extent 404, [22] p.
Other physical details ill.
Dimensions 35 cm. (fol.).
520 ## - SUMMARY, ETC.
Summary, etc. Text completed: 1452; first published as De re aedificatoria: Firenze : Nicolaus Laurentii, Alamanus, 1485.
520 ## - SUMMARY, ETC.
Summary, etc. Translation of: "De re aedificatoria".
583 ## - ACTION NOTE
Action Condition reviewed
Time/date of action 20120620
Status condition level 2
651 #4 - SUBJECT ADDED ENTRY--GEOGRAPHIC NAME
Geographic name Italia = Italy
Chronological subdivision 1992-
690 ## - LOCAL SUBJECT ADDED ENTRY--TOPICAL TERM (OCLC, RLIN)
Topical term or geographic name as entry element Design and specification
942 ## - ADDED ENTRY ELEMENTS (KOHA)
Suppress in OPAC 0
Holdings
Withdrawn status Lost status Source of classification or shelving scheme Damaged status Not for loan Home library Current library Shelving location Date acquired Total Checkouts Full call number Barcode Date last seen Copy number Price effective from Koha item type
    Dewey Decimal Classification     Historic collection Historic collection Historic collection 09/05/2012   FOLIO 1550 ALBERTI 30075919 06/08/2019 1 06/08/2019 Book